[Event "GER North-chT U16"]
[Site "Magdeburg"]
[Date "2006.08.26"]
[Round "1.4"]
[White "Bauschmann, Christoph"]
[Black "Heider, Philip"]
[Result "1-0"]
[WhiteElo "748"]
[BlackElo "748"]
[PlyCount "77"]
[EventDate "2006.08.26"]
[EventType "team"]
[EventRounds "7"]
[EventCountry "GER"]
[SourceTitle "EXT 2007"]
[Source "ChessBase"]
[SourceDate "2006.11.23"]
[SourceVersion "1"]
[SourceVersionDate "2006.11.23"]
[SourceQuality "1"]

1. e4 e5 2. d4 d6 3. dxe5 dxe5 4. Qxd8+ Kxd8 5. Bc4 Bd6 6. Bxf7 Nf6 7. Bg5 Ke7 8. Bxf6+ gxf6 9. Bc4 Nc6 10. Nc3 Nd4 11. 0-0-0 b6 12. Nd5+ Kd7 13. Nxf6+ Ke7 14. Nd5+ Kd7 15. g4 Rf8 16. Rd2 Be7 17. Nxe7 Kxe7 18. c3 Nf3 19. Nxf3 Rxf3 20. g5 Bb7 21. Bd5 Bxd5 22. Rxd5 c6 23. Rxe5+ Kd6 24. Rf5 Rxf5 25. exf5 Rg8 26. f4 Kd5 27. Re1 Rf8 28. f6 h5 29. f5 Kd6 30. Re6+ Kd5 31. g6 a5 32. g7 Rf7 33. g8Q h4 34. Qxf7 h3 35. Re3+ Kc5 36. Re5+ Kd6 37. Qe6+ Kc7 38. Qf7+ Kd6 39. Qe7# 1-0